Ameri- Duki álbum - Estadísticas

Estadísticas generales
  • Esta prueba ha sido intentada 169 veces
  • La puntuación promedio es 13 de 15
Estadísticas de respuestas
Featurings: Canción % Correcto
Ft. Myke Towers Nueva Era
98%
Ft. Milo J Vida de Rock
96%
Ft. Judeline Imperio
95%
Ameri
93%
Ft. Headie One Brindis
92%
Ft. Lia Kali Constelación
92%
Ft. YSY A Un dia mas
91%
Barro
89%
Cine
89%
Ft. Wiz Khalifa, Arcángel Wake Up & Bake Up
89%
Ft. Bizarrap Buscarte Lejos
88%
Ft. YG, Eladio Carrion Hardaway
86%
Ft. Ovi, Lucho SSJ No Drama
83%
Ft. Morad Trato de Estar Bien
81%
Leitmotiv
79%
No se encontraron pruebas coincidentes
Distribución de puntuación
Porcentaje de gente con cada puntuación
Porcentaje por número respondido
Historial de tus puntuaciones
No has intentado esta prueba.